WTA Top 50 - 2000 - Statistics

General Stats
  • This quiz has been taken 78 times
  • The average score is 18 of 50
Answer Stats
# Nationality Player % Correct
6 USA Serena Williams
98%
3 USA Venus Williams
98%
1 Switzerland Martina Hingis
93%
7 France Mary Pierce
91%
2 USA Lindsay Davenport
86%
16 France Amelie Mauresmo
81%
14 USA Jennifer Capriati
81%
45 Belgium Justine Henin
81%
18 Belgium Kim Clijsters
81%
8 Spain Arantxa Sanchez-Vicario
79%
5 Spain Conchita Martinez
79%
4 USA Monica Seles
72%
11 Russia Elena Dementieva
70%
41 Zimbabwe Cara Black
58%
10 France Nathalie Tauziat
47%
9 Russia Anna Kournikova
44%
19 Germany Anke Huber
42%
22 Austria Barbara Schett
42%
25 Switzerland Patty Schnyder
42%
23 Bulgaria Magdalena Maleeva
40%
32 Japan Ai Sugiyama
37%
12 South Africa Amanda Coetzer
33%
17 France Sandrine Testud
30%
26 France Nathalie Dechy
28%
36 Argentina Paola Suarez
28%
28 Thailand Tamarine Tanasugarn
28%
24 Australia Jelena Dokic
26%
46 Israel Anna Smashnova
23%
13 USA Chanda Rubin
23%
15 France Julie Halard-Decugis
21%
30 USA Lisa Raymond
21%
33 Luxembourg Anne Kremer
12%
21 Russia Elena Likhovtseva
12%
38 USA Meghann Shaughnessy
9%
49 Belgium Sabine Appelmans
9%
39 Colombia Fabiola Zuluaga
7%
31 Spain Gala Leon Garcia
7%
37 Spain Magui Serna
7%
44 Romania Ruxandra Dragomir
7%
20 USA Amy Frazier
5%
50 Czech Republic Denisa Chladkova
5%
48 Canada Sonya Jeyaseelan
5%
42 Italy Tathiana Garbin
5%
47 Czech Republic Kveta Hrdlickova
2%
29 Croatia Silvija Talaja
2%
35 France Anne-Gaelle Sidot
0%
40 Slovakia Henrieta Nagyova
0%
27 USA Kristina Brandi
0%
43 USA Lilia Osterloh
0%
34 Russia Tatiana Panova
0%
No matching quizzes found
Score Distribution
Percent of People with Each Score
Percentile by Number Answered
Your Score History
You have not taken this quiz